|
|
|
|
| LEADER |
00000nab a2200000uu 4500 |
| 001 |
vtls011461828 |
| 003 |
SK-MaSNL |
| 005 |
20260304030239.0 |
| 008 |
250310|2013 xo |||||||||||||||||slo| |
| 015 |
|
|
|a SNBRB
|
| 035 |
|
|
|a (urnnbn)urn:nbn:sk:snk:ar-a0ak99
|
| 035 |
|
|
|a (uuid)45ed7782-aa76-4c71-af07-1289949118a0
|
| 035 |
|
|
|a urn:nbn:sk:snk-abcvez
|
| 040 |
|
|
|a SNKBUCL
|b slo
|c SNKBUCL
|e AACR2
|
| 041 |
0 |
|
|a slo
|
| 044 |
|
|
|a xo
|c SK
|
| 100 |
1 |
|
|a Haugová, Mila,
|d 1942-
|4 aut
|9 90543
|
| 245 |
1 |
0 |
|a CETONIA AURATA
|c Mila Haugová
|
| 773 |
0 |
|
|t Fragment : revue pre literatúru, výtvarné umenie, históriu a kritiku
|g Roč. 27, č. 1 (2013), s. [5]-10
|
| 958 |
|
|
|a OND
|
| 958 |
|
|
|a article16
|
| 999 |
|
|
|c 2632919
|d 2634849
|